[Event "XII. Karnevalsopen"]
[Site "Solingen"]
[Date "2023.02.18"]
[Round "2.20"]
[White "Zimmermann, Finn"]
[Black "Linke, Marius"]
[Result "0-1"]
[WhiteElo "1354"]
[BlackElo "1796"]
[PlyCount "88"]
[EventDate "2023.??.??"]
[EventType "swiss"]
[EventRounds "5"]
[EventCountry "GER"]

1. d4 d5 2. c4 c6 3. Nf3 Nf6 4. g3 Bf5 5. Bg2 h6 6. O-O e6 7. Qb3 Qc8 8. Bf4 dxc4 9. Qxc4 Nbd7 10. e3 Be7 11. Nbd2 Ne4 12. Qc1 g5 13. Be5 f6 14. g4 Nxd2 15. Qxd2 Bxg4 16. Bg3 Bf5 17. h4 Be4 18. h5 f5 19. Ne5 Bxg2 20. Kxg2 Nf6 21. Rh1 Ne4 22. Qc2 Nxg3 23. fxg3 Bd6 24. Ng6 Rg8 25. Rae1 Qd7 26. e4 O-O-O 27. Rhf1 Bb4 28. Rd1 fxe4 29. Qxe4 Qd5 30. Qxd5 exd5 31. a3 Bd6 32. Rf6 Kc7 33. Re1 Rge8 34. Rxe8 Rxe8 35. Kf2 Re4 36. Rf7+ Kb6 37. Rh7 Rxd4 38. Ke3 Rg4 39. Rxh6 Rxg3+ 40. Kd2 Rh3 41. Nh8 Bf4+ 42. Ke2 g4 43. Rh7 Rh2+ 44. Kf1 Be3 0-1

[Event "XII. Karnevalsopen"]
[Site "Solingen"]
[Date "2023.02.18"]
[Round "2.21"]
[White "Kuberczyk, Samuel"]
[Black "Abdo, Alan"]
[Result "1/2-1/2"]
[WhiteElo "1269"]
[BlackElo "1707"]
[PlyCount "121"]
[EventDate "2023.??.??"]
[EventType "swiss"]
[EventRounds "5"]
[EventCountry "GER"]

1. d4 Nf6 2. Nf3 e6 3. Bf4 d5 4. e3 Be7 5. Nbd2 O-O 6. c4 c6 7. Bd3 h6 8. h3 Nbd7 9. O-O b6 10. Rc1 c5 11. cxd5 Nxd5 12. Bh2 Bb7 13. Nc4 N7f6 14. dxc5 Bxc5 15. Na5 Qe7 16. Nxb7 Qxb7 17. Qe2 Rfd8 18. e4 Nb4 19. Bb1 Qa6 20. Qxa6 Nxa6 21. a3 Bf8 22. b4 Ne8 23. Rfd1 Rxd1+ 24. Rxd1 Rc8 25. Be5 g6 26. Kh2 Bg7 27. Bxg7 Kxg7 28. Rd7 Rc7 29. Rd8 Kf8 30. Bd3 Ke7 31. Ra8 Rc3 32. Bxa6 Rxa3 33. Rxa7+ Kd8 34. Ra8+ Ke7 35. Rxe8+ Kxe8 36. b5 f6 37. Kg3 e5 38. Kg4 Ra2 39. Kg3 Ra3 40. Bb7 Ke7 41. Bd5 Rd3 42. Kh2 Kd6 43. Nh4 g5 44. Nf5+ Kc5 45. Ne3 Rd2 46. Ng4 Kxb5 47. Nxh6 Rxf2 48. Ng4 Rf4 49. g3 Rf1 50. Bc4+ Kxc4 51. Ne3+ Kd3 52. Nxf1 b5 53. Kg2 b4 54. Kf2 b3 55. Ke1 Kxe4 56. Nd2+ Ke3 57. h4 gxh4 58. gxh4 Kf4 59. Nxb3 Kg4 60. Kf2 Kxh4 61. Kf3 1/2-1/2

[Event "XII. Karnevalsopen"]
[Site "Solingen"]
[Date "2023.02.18"]
[Round "2.22"]
[White "Anschuetz, Wolfgang"]
[Black "Albrecht, Philipp"]
[Result "1-0"]
[WhiteElo "1728"]
[BlackElo "1437"]
[PlyCount "57"]
[EventDate "2023.??.??"]
[EventType "swiss"]
[EventRounds "5"]
[EventCountry "GER"]

1. d4 d5 2. c4 c6 3. Nc3 Nf6 4. Nf3 Bf5 5. g3 e6 6. Bg2 Nbd7 7. Nh4 Bg6 8. Nxg6 hxg6 9. Bg5 Qb6 10. Rb1 dxc4 11. O-O Qa5 12. Qd2 Rh5 13. h4 Nh7 14. Be3 Bb4 15. a3 Bxc3 16. Qxc3 Qc7 17. Bf4 e5 18. dxe5 Nxe5 19. Rbd1 f6 20. Bh3 Nf8 21. Bg4 Rh7 22. Rd4 c5 23. Rxc4 b6 24. Rd1 Qe7 25. Re4 Rd8 26. Rxd8+ Kxd8 27. Rxe5 fxe5 28. Bg5 Qxg5 29. hxg5 1-0

[Event "XII. Karnevalsopen"]
[Site "Solingen"]
[Date "2023.02.18"]
[Round "2.23"]
[White "Renz, Yannick"]
[Black "Balla, Aanand"]
[Result "1-0"]
[WhiteElo "1695"]
[BlackElo "1421"]
[PlyCount "65"]
[EventDate "2023.??.??"]
[EventType "swiss"]
[EventRounds "5"]
[EventCountry "GER"]

1. e4 e5 2. d4 exd4 3. Qxd4 Nc6 4. Qe3 d6 5. Nc3 Nf6 6. Bd2 g6 7. O-O-O Bg7 8. h4 Ng4 9. Qe1 h5 10. Nh3 O-O 11. Ng5 a6 12. Nd5 Be6 13. Nf4 Qf6 14. Nd3 Nce5 15. Nxe5 Qxe5 16. c3 Bxa2 17. f3 Nf6 18. Bd3 Bb3 19. Bc2 Bxc2 20. Kxc2 Rfe8 21. Qf2 c5 22. g3 Rad8 23. Rhe1 Qe7 24. Nh3 Qd7 25. Qf1 c4 26. Bf4 d5 27. Kb1 Qb5 28. Bg5 a5 29. e5 a4 30. exf6 Rxe1 31. Rxe1 a3 32. b4 a2+ 33. Ka1 1-0

[Event "XII. Karnevalsopen"]
[Site "Solingen"]
[Date "2023.02.18"]
[Round "2.24"]
[White "Pfennig, Konstantin"]
[Black "Reinacher, Detlev"]
[Result "1-0"]
[WhiteElo "1486"]
[BlackElo "1671"]
[PlyCount "57"]
[EventDate "2023.??.??"]
[EventType "swiss"]
[EventRounds "5"]
[EventCountry "GER"]

1. d4 d6 2. Nf3 g6 3. e4 Bg7 4. Bc4 Nf6 5. Nbd2 O-O 6. O-O c6 7. c3 Qc7 8. e5 dxe5 9. Nxe5 b5 10. Bd3 Bb7 11. Nb3 Nbd7 12. Bf4 Nd5 13. Nxd7 Qxd7 14. Nc5 Qc8 15. Bg3 a6 16. Re1 Re8 17. Qd2 e6 18. Qg5 Nf6 19. Be5 Nd7 20. Ne4 Nxe5 21. dxe5 Qd8 22. Nf6+ Kh8 23. Re3 h6 24. Rh3 Bxf6 25. Rxh6+ Kg7 26. exf6+ Qxf6 27. Rh7+ Kxh7 28. Qxf6 c5 29. Qxf7+ 1-0

[Event "XII. Karnevalsopen"]
[Site "Solingen"]
[Date "2023.02.18"]
[Round "2.25"]
[White "Kelch, Volker"]
[Black "Schueller, Reinhard"]
[Result "0-1"]
[WhiteElo "1655"]
[BlackElo "1357"]
[PlyCount "42"]
[EventDate "2023.??.??"]
[EventType "swiss"]
[EventRounds "5"]
[EventCountry "GER"]

1. e4 d5 2. exd5 Nf6 3. d4 Nxd5 4. Nf3 Nc6 5. c4 Nf6 6. Bd3 Nxd4 7. Nxd4 Qxd4 8. O-O Bg4 9. Qb3 Qb6 10. Qc2 e6 11. Nc3 Rd8 12. Bg5 Be7 13. a3 a6 14. Be3 Qd6 15. Be2 h5 16. Rad1 Qe5 17. Rfe1 Bd6 18. f4 Qxe3+ 19. Kh1 Qxf4 20. g3 Bf3+ 21. Bxf3 Qxf3+ 0-1

[Event "XII. Karnevalsopen"]
[Site "Solingen"]
[Date "2023.02.18"]
[Round "2.26"]
[White "Sprenger, Kuno"]
[Black "Arnz, Tom Niklas"]
[Result "0-1"]
[WhiteElo "1430"]
[BlackElo "1633"]
[PlyCount "78"]
[EventDate "2023.??.??"]
[EventType "swiss"]
[EventRounds "5"]
[EventCountry "GER"]

1. d4 e6 2. Nc3 d5 3. e4 Bb4 4. e5 c5 5. Nf3 cxd4 6. Qxd4 Nc6 7. Bb5 Bd7 8. Bxc6 Bxc3+ 9. Qxc3 Bxc6 10. O-O Rc8 11. Qb3 Qd7 12. c3 Ne7 13. Qb4 Bb5 14. Re1 Rc4 15. Qa3 Ra4 16. Qc5 O-O 17. Qe3 Nf5 18. Qd2 Bc4 19. b4 Rc8 20. Qc2 Qb5 21. g4 Ne7 22. Ng5 Bd3 23. Qd2 Qc4 24. h3 Qxc3 25. Qxc3 Rxc3 26. Bb2 Rc2 27. Rac1 Rxb2 28. Rc3 Bc4 29. a3 Rb3 30. Rc2 Raxa3 31. Rd2 h6 32. Ne4 dxe4 33. Rxe4 Bd5 34. Re3 Rb1+ 35. Kh2 Raa1 36. Kg3 Rg1+ 37. Kh4 Ng6+ 38. Kh5 Nf4+ 39. Kh4 g5# 0-1

[Event "XII. Karnevalsopen"]
[Site "Solingen"]
[Date "2023.02.18"]
[Round "2.27"]
[White "Dhanasekaran Meenambigai, Diya"]
[Black "Mekus, Manuela"]
[Result "1-0"]
[WhiteElo "1416"]
[BlackElo "1624"]
[PlyCount "121"]
[EventDate "2023.??.??"]
[EventType "swiss"]
[EventRounds "5"]
[EventCountry "GER"]

1. e4 d6 2. d4 g6 3. Nf3 Nd7 4. Nc3 Bg7 5. Be3 e5 6. dxe5 dxe5 7. Bc4 Ngf6 8. O-O O-O 9. Bg5 h6 10. Bh4 g5 11. Bg3 Nh5 12. h3 Nf4 13. Nd5 c6 14. Ne3 Nc5 15. Nd2 b5 16. Bb3 Nxb3 17. axb3 Qf6 18. Ng4 Qe6 19. c4 Rd8 20. Qc2 Bb7 21. Rad1 Rd7 22. Nf3 Rad8 23. c5 Rxd1 24. Rxd1 Rxd1+ 25. Qxd1 Bc8 26. b4 f6 27. Ne3 Qd7 28. Qb3+ Qf7 29. Qd1 Qd7 30. Qb3+ Qf7 31. Qd1 Qd7 32. Qb3+ Qe6 33. Qd1 Bf8 34. Nf5 Bd7 35. h4 g4 36. Nh2 h5 37. f3 gxf3 38. Qxf3 Qf7 39. Bxf4 Bxf5 40. Bxe5 fxe5 41. Qxf5 Qe8 42. Nf3 Bg7 43. Ng5 Qe7 44. Qh7+ Kf8 45. Qxh5 Qd7 46. Qf3+ Kg8 47. Qc3 Qd1+ 48. Kh2 Qg4 49. Qg3 Qf4 50. Ne6 Qxg3+ 51. Kxg3 Bh6 52. Ng5 Kg7 53. Kg4 Kf6 54. Kh5 Bg7 55. g4 a6 56. b3 Bh8 57. Kh6 Bg7+ 58. Kh7 Bf8 59. Nf3 a5 60. bxa5 Bxc5 61. g5+ 1-0

[Event "XII. Karnevalsopen"]
[Site "Solingen"]
[Date "2023.02.18"]
[Round "2.28"]
[White "Bauer, Matthias"]
[Black "Ricken, Harald"]
[Result "1-0"]
[WhiteElo "1623"]
[BlackElo "1349"]
[PlyCount "97"]
[EventDate "2023.??.??"]
[EventType "swiss"]
[EventRounds "5"]
[EventCountry "GER"]

1. d4 Nf6 2. Nf3 d5 3. e3 Bg4 4. Bd3 Nbd7 5. c3 g6 6. Nbd2 Bg7 7. O-O c5 8. h3 Bxf3 9. Qxf3 c4 10. Bc2 e6 11. e4 b5 12. Re1 O-O 13. e5 Nh5 14. g4 f5 15. gxh5 Qg5+ 16. Qg2 Qxh5 17. Bd1 Qh4 18. Nf3 Qe7 19. Bf4 Rf7 20. Kh1 Nf8 21. Ng5 Bh6 22. Nxf7 Bxf4 23. Nd6 Rb8 24. Bf3 b4 25. Bxd5 bxc3 26. bxc3 Rb2 27. Reb1 Rc2 28. Nxf5 Qg5 29. Qxg5 Bxg5 30. Bxc4 gxf5 31. Rb8 Kf7 32. Rg1 h6 33. Rb7+ Kg6 34. h4 Rxc3 35. Bf1 Rc2 36. hxg5 h5 37. Rxa7 Rxf2 38. a4 Rd2 39. a5 Rxd4 40. a6 Ra4 41. Re7 Rh4+ 42. Kg2 Rg4+ 43. Kf2 Rf4+ 44. Ke3 Re4+ 45. Kd3 Rxe5 46. a7 Ra5 47. Bg2 e5 48. a8=Q e4+ 49. Bxe4 1-0

[Event "XII. Karnevalsopen"]
[Site "Solingen"]
[Date "2023.02.18"]
[Round "2.29"]
[White "Fetahovic, Sarah"]
[Black "Bock, Juergen"]
[Result "0-1"]
[WhiteElo "1342"]
[BlackElo "1611"]
[PlyCount "78"]
[EventDate "2023.??.??"]
[EventType "swiss"]
[EventRounds "5"]
[EventCountry "GER"]

1. e4 c6 2. d4 d5 3. exd5 cxd5 4. Nf3 Nc6 5. Nc3 Bg4 6. Be2 e6 7. a3 Nf6 8. Bg5 Be7 9. O-O O-O 10. Re1 Bxf3 11. Bxf3 Qb6 12. Na4 Qxd4 13. c3 Qxd1 14. Raxd1 b5 15. Bxf6 gxf6 16. c4 bxa4 17. cxd5 Ne5 18. Be4 Rad8 19. f4 Bc5+ 20. Kh1 Ng4 21. Rc1 Nf2+ 22. Kg1 Nxe4+ 23. Kf1 exd5 24. Rxe4 dxe4 25. Rxc5 Rd2 26. Rc4 Re8 27. g4 e3 28. Rc1 Rxh2 29. Kg1 Rxb2 30. g5 fxg5 31. Kf1 e2+ 32. Ke1 g4 33. f5 g3 34. f6 g2 35. Kf2 e1=Q+ 36. Kf3 Qf2+ 37. Kg4 Re4+ 38. Kg5 Qh4+ 39. Kf5 Qg4# 0-1

[Event "XII. Karnevalsopen"]
[Site "Solingen"]
[Date "2023.02.18"]
[Round "2.30"]
[White "Asadzade, Muhammed"]
[Black "Goerzen, Lina"]
[Result "1-0"]
[WhiteElo "1590"]
[BlackElo "1342"]
[PlyCount "85"]
[EventDate "2023.??.??"]
[EventType "swiss"]
[EventRounds "5"]
[EventCountry "GER"]

1. d4 Nf6 2. c4 e6 3. Nc3 Bb4 4. Qc2 O-O 5. Nf3 b6 6. Bg5 Bb7 7. Bxf6 Qxf6 8. e4 d5 9. cxd5 exd5 10. e5 Qh6 11. a3 Be7 12. b4 Nd7 13. Be2 Rad8 14. O-O c5 15. bxc5 bxc5 16. Qb3 Nb6 17. dxc5 Bxc5 18. a4 Ba8 19. Rfd1 d4 20. a5 dxc3 21. axb6 Bxb6 22. Qxc3 Rfe8 23. Rac1 Bb7 24. Qb2 Qf4 25. Rc2 g6 26. Rcd2 Rxd2 27. Qxd2 Qf5 28. Qd6 Rd8 29. Qe7 Rxd1+ 30. Bxd1 Qb1 31. Qd7 Ba6 32. Qd2 Kg7 33. Qc2 Qb5 34. h3 Bb7 35. Qc3 Ba6 36. e6+ Kf8 37. Bb3 Qf1+ 38. Kh2 Bxf2 39. exf7 Bb7 40. Qh8+ Ke7 41. f8=Q+ Kd7 42. Qf7+ Kd6 43. Qxb7 1-0

[Event "XII. Karnevalsopen"]
[Site "Solingen"]
[Date "2023.02.18"]
[Round "2.31"]
[White "Scheidtmann, Kian"]
[Black "Fodor, Bernhard"]
[Result "1-0"]
[WhiteElo "1575"]
[BlackElo "1307"]
[PlyCount "59"]
[EventDate "2023.??.??"]
[EventType "swiss"]
[EventRounds "5"]
[EventCountry "GER"]

1. e4 e5 2. Nf3 Nc6 3. Bb5 Nge7 4. c3 a6 5. Ba4 d6 6. d4 Bd7 7. Bb3 b5 8. Ng5 d5 9. exd5 Na5 10. dxe5 Nxb3 11. Qxb3 h6 12. Nxf7 Kxf7 13. e6+ Ke8 14. exd7+ Qxd7 15. O-O Nxd5 16. Rd1 c6 17. Nd2 Rd8 18. Nf3 Bd6 19. Be3 Rf8 20. Re1 Nxe3 21. Rxe3+ Be7 22. Rae1 Qa7 23. Ne5 Rd6 24. Qc2 Rdf6 25. Ng4 R6f7 26. c4 Qd4 27. Ne5 Rf6 28. Nf3 Qa7 29. c5 Rf5 30. Qe4 1-0

[Event "XII. Karnevalsopen"]
[Site "Solingen"]
[Date "2023.02.18"]
[Round "2.32"]
[White "Neumair, Dorian"]
[Black "Tonev, Vasil"]
[Result "0-1"]
[WhiteElo "1328"]
[BlackElo "1560"]
[PlyCount "52"]
[EventDate "2023.??.??"]
[EventType "swiss"]
[EventRounds "5"]
[EventCountry "GER"]

1. e4 e6 2. d4 d5 3. e5 c5 4. c3 Nc6 5. Be3 Qb6 6. Qd2 Bd7 7. Nf3 f6 8. Be2 fxe5 9. dxe5 Qc7 10. Bf4 Nge7 11. Bd3 g6 12. O-O Bg7 13. Re1 O-O 14. Bh6 Rxf3 15. gxf3 Nxe5 16. Be2 Rf8 17. Bxg7 Kxg7 18. Qg5 Nf5 19. Nd2 h6 20. Qg2 Nh4 21. Qh3 Rf4 22. Qg3 g5 23. Kh1 Nf5 24. Qg2 Rh4 25. Rg1 Ng6 26. f4 Nxf4 0-1

[Event "XII. Karnevalsopen"]
[Site "Solingen"]
[Date "2023.02.18"]
[Round "2.34"]
[White "Pernizki, Max"]
[Black "Schuricht, Paul Alexander"]
[Result "0-1"]
[WhiteElo "1208"]
[BlackElo "1535"]
[PlyCount "66"]
[EventDate "2023.??.??"]
[EventType "swiss"]
[EventRounds "5"]
[EventCountry "GER"]

1. d4 Nf6 2. Bf4 g6 3. Nf3 Bg7 4. c4 d6 5. Nc3 O-O 6. h3 c5 7. d5 Qa5 8. Bd2 a6 9. e3 Qc7 10. Be2 e6 11. O-O exd5 12. cxd5 b5 13. a3 Bb7 14. Rc1 Nxd5 15. Nxd5 Bxd5 16. Bc3 Be6 17. Bxg7 Kxg7 18. Qc2 Qe7 19. Qe4 Nd7 20. Rfd1 Nf6 21. Qc6 Rfd8 22. Ng5 Bb3 23. Rd2 h6 24. Rc3 Bd5 25. Rxd5 Nxd5 26. Qxd5 Qxg5 27. Qxg5 hxg5 28. Bf3 Ra7 29. Rd3 Rc7 30. Rd5 f5 31. e4 Kf6 32. e5+ Ke6 33. Kf1 c4 0-1

[Event "XII. Karnevalsopen"]
[Site "Solingen"]
[Date "2023.02.18"]
[Round "2.35"]
[White "Schmitz, Constantin"]
[Black "Huettner, Moritz"]
[Result "1-0"]
[WhiteElo "1534"]
[BlackElo "1187"]
[PlyCount "93"]
[EventDate "2023.??.??"]
[EventType "swiss"]
[EventRounds "5"]
[EventCountry "GER"]

1. d4 c6 2. Nf3 d5 3. c4 Nf6 4. Nc3 Bf5 5. Bf4 e6 6. e3 Bb4 7. Bd3 Bxd3 8. Qxd3 Bd6 9. Bxd6 Qxd6 10. c5 Qc7 11. O-O Nbd7 12. b4 O-O 13. a4 b6 14. h3 bxc5 15. bxc5 Rfb8 16. Rab1 Rxb1 17. Rxb1 Rb8 18. Rxb8+ Qxb8 19. Nd2 h6 20. e4 Qb7 21. exd5 exd5 22. Qe3 Kf8 23. Nf3 Qc7 24. Ne2 Qb8 25. Ng3 Qe8 26. Qb3 Qc8 27. Nf5 Ne4 28. Nd6 Nxd6 29. cxd6 f6 30. Ne1 Kf7 31. Nd3 Ke6 32. Nc5+ Kxd6 33. Qg3+ Ke7 34. Qxg7+ Kd6 35. Nxd7 Qxd7 36. Qxf6+ Qe6 37. Qf8+ Kd7 38. Qg7+ Qe7 39. Qxe7+ Kxe7 40. Kf1 Kd6 41. Ke2 c5 42. dxc5+ Kxc5 43. Kd3 a5 44. f4 Kd6 45. Kd4 Ke6 46. g4 Kd6 47. h4 1-0

[Event "XII. Karnevalsopen"]
[Site "Solingen"]
[Date "2023.02.18"]
[Round "3.1"]
[White "Jugelt, Tobias"]
[Black "Schwibbert, Jonas"]
[Result "1-0"]
[WhiteElo "2381"]
[BlackElo "2041"]
[PlyCount "39"]
[EventDate "2023.??.??"]
[EventType "swiss"]
[EventRounds "5"]
[EventCountry "GER"]

1. Nf3 Nf6 2. g3 d5 3. Bg2 Nbd7 4. O-O e5 5. d3 Be7 6. c4 dxc4 7. dxc4 O-O 8. Qc2 c6 9. Nc3 Qc7 10. b3 a5 11. Bb2 Re8 12. Rad1 Nc5 13. Na4 e4 14. Be5 Bf5 15. Bxc7 exf3 16. Qxf5 fxe2 17. Nxc5 g6 18. Qf3 Bxc5 19. Qxf6 Re6 20. Rd8+ 1-0

[Event "XII. Karnevalsopen"]
[Site "Solingen"]
[Date "2023.02.18"]
[Round "3.2"]
[White "Langner, Jasper"]
[Black "Michalczak, Thomas"]
[Result "1/2-1/2"]
[WhiteElo "1980"]
[BlackElo "2254"]
[PlyCount "51"]
[EventDate "2023.??.??"]
[EventType "swiss"]
[EventRounds "5"]
[EventCountry "GER"]

1. d4 Nf6 2. c4 g6 3. Nc3 Bg7 4. e4 d6 5. h3 O-O 6. Be3 c6 7. g4 a6 8. Bg2 e5 9. dxe5 dxe5 10. Qxd8 Rxd8 11. Nf3 Nbd7 12. O-O Bf8 13. c5 a5 14. g5 Nh5 15. Na4 Nf4 16. Rfd1 Nxg2 17. Kxg2 Re8 18. Nd2 f5 19. f3 Be7 20. h4 Kf7 21. Nc4 Ke6 22. Rd3 f4 23. Bf2 h6 24. Rad1 hxg5 25. hxg5 Rh8 26. Nd6 1/2-1/2

[Event "XII. Karnevalsopen"]
[Site "Solingen"]
[Date "2023.02.18"]
[Round "3.3"]
[White "Volkov, Mykyta"]
[Black "Mueller, Adrian"]
[Result "1/2-1/2"]
[WhiteElo "2251"]
[BlackElo "1980"]
[PlyCount "72"]
[EventDate "2023.??.??"]
[EventType "swiss"]
[EventRounds "5"]
[EventCountry "GER"]

1. d4 Nf6 2. c4 e6 3. Nc3 Bb4 4. Qc2 O-O 5. Nf3 c5 6. dxc5 Na6 7. g3 Nxc5 8. Bg2 b6 9. O-O Bb7 10. Rd1 Qc8 11. Bf4 Nce4 12. Nxe4 Bxe4 13. Qb3 Be7 14. Nd4 Bxg2 15. Kxg2 Qb7+ 16. Qf3 Qxf3+ 17. Kxf3 Rac8 18. Rac1 d5 19. cxd5 Nxd5 20. e4 Nxf4 21. gxf4 Rfd8 22. Nb5 Rxc1 23. Rxc1 a6 24. Na7 Bc5 25. Rc2 f5 26. exf5 exf5 27. b4 Bf8 28. Nc6 Rd3+ 29. Kg2 Ra3 30. Ne5 g6 31. Rc8 Kg7 32. Rc7+ Kh6 33. Nf7+ Kh5 34. Ne5 Kh6 35. Nf7+ Kh5 36. Ne5 Kh6 1/2-1/2

[Event "XII. Karnevalsopen"]
[Site "Solingen"]
[Date "2023.02.18"]
[Round "3.4"]
[White "Scharfenberg, Michael"]
[Black "Pfaar, Zeno"]
[Result "1-0"]
[WhiteElo "2169"]
[BlackElo "1814"]
[PlyCount "47"]
[EventDate "2023.??.??"]
[EventType "swiss"]
[EventRounds "5"]
[EventCountry "GER"]

1. d4 d5 2. Nc3 Bf5 3. Bf4 e6 4. e3 Nf6 5. Nf3 Nbd7 6. Nb5 Bb4+ 7. c3 Ba5 8. Ne5 a6 9. Na3 Nxe5 10. Bxe5 c5 11. dxc5 Ne4 12. Bxg7 Rg8 13. Qa4+ Qd7 14. Qxa5 Rxg7 15. f3 Qe7 16. Qa4+ Kf8 17. fxe4 Qh4+ 18. g3 Rxg3 19. hxg3 Qxg3+ 20. Kd2 dxe4 21. Qd7 Qf2+ 22. Be2 e5 23. Qd6+ Ke8 24. Qxe5+ 1-0

[Event "XII. Karnevalsopen"]
[Site "Solingen"]
[Date "2023.02.18"]
[Round "3.5"]
[White "Kuehn, Viktoria"]
[Black "Marcziter, Dmitrii"]
[Result "1-0"]
[WhiteElo "1862"]
[BlackElo "2235"]
[PlyCount "121"]
[EventDate "2023.??.??"]
[EventType "swiss"]
[EventRounds "5"]
[EventCountry "GER"]

1. e4 c5 2. b3 Nc6 3. Bb2 a6 4. f4 e6 5. Nf3 Nf6 6. e5 Nd5 7. g3 Be7 8. Nc3 Nxc3 9. Bxc3 O-O 10. Bg2 d5 11. exd6 Qxd6 12. O-O b5 13. Ne5 Bb7 14. Ng4 f6 15. Re1 Rae8 16. d3 Bd8 17. Ne3 Bb6 18. Qh5 Nd8 19. Bxb7 Nxb7 20. Qf3 Nd8 21. Rad1 Nc6 22. Kg2 Rc8 23. Re2 Nd4 24. Bxd4 cxd4 25. Ng4 Ba5 26. f5 e5 27. Nf2 Rc6 28. Ne4 Qc7 29. Rc1 Bb4 30. a4 Rc8 31. axb5 axb5 32. g4 Qe7 33. Qf2 Ra6 34. h4 Ra2 35. c4 Ra3 36. Rd1 Rxb3 37. cxb5 Ba3 38. Rdd2 Rxb5 39. Rc2 Rcb8 40. g5 R5b6 41. Kh2 Kh8 42. Rc4 Rf8 43. Rec2 Bd6 44. Rc6 Rxc6 45. Rxc6 Bb4 46. Re6 Qd8 47. Qb2 Be1 48. gxf6 gxf6 49. Qb7 Qc8 50. Qxc8 Rxc8 51. Kh3 Kg7 52. Re7+ Kf8 53. Rxh7 Rc6 54. Kg4 Rc2 55. Kf3 Rc6 56. h5 Kg8 57. Rb7 Bh4 58. Kg4 Be1 59. h6 Kh8 60. Kh5 Rc2 61. Rb8+ 1-0

[Event "XII. Karnevalsopen"]
[Site "Solingen"]
[Date "2023.02.18"]
[Round "3.6"]
[White "Eckert, Marius"]
[Black "Kuhn, Andreas"]
[Result "1/2-1/2"]
[WhiteElo "2081"]
[BlackElo "1838"]
[PlyCount "85"]
[EventDate "2023.??.??"]
[EventType "swiss"]
[EventRounds "5"]
[EventCountry "GER"]

1. d4 e6 2. Bf4 d5 3. e3 Nf6 4. Nf3 Bd6 5. Bg3 O-O 6. Bd3 c5 7. c3 Qc7 8. Ne5 b6 9. Nd2 Ba6 10. Bxa6 Nxa6 11. Qe2 Nb8 12. O-O Nfd7 13. f4 f6 14. Qg4 f5 15. Qe2 Nf6 16. a4 Nc6 17. Rfc1 c4 18. Nxc6 Qxc6 19. b3 cxb3 20. Nxb3 Rfc8 21. Nd2 Qd7 22. Bh4 Ne4 23. Nxe4 dxe4 24. c4 Rc7 25. a5 Rac8 26. axb6 axb6 27. Ra6 Rc6 28. Qa2 Bxf4 29. exf4 Qxd4+ 30. Kh1 Rxc4 31. Re1 Qd5 32. Qa1 R8c7 33. Rxb6 Qd2 34. Rb8+ Kf7 35. Qa3 R4c5 36. Qa8 Qxf4 37. Bg3 Qd2 {(=)} 38. Rf8+ Kg6 39. Qe8+ Kh6 40. Qxe6+ g6 41. Qf6 Rc1 42. Qh4+ Kg7 43. Qf6+ 1/2-1/2

[Event "XII. Karnevalsopen"]
[Site "Solingen"]
[Date "2023.02.18"]
[Round "3.7"]
[White "Steinbach, Wolfgang"]
[Black "Neumair, Jerome"]
[Result "0-1"]
[WhiteElo "1886"]
[BlackElo "2076"]
[PlyCount "76"]
[EventDate "2023.??.??"]
[EventType "swiss"]
[EventRounds "5"]
[EventCountry "GER"]

1. Nf3 d5 2. d4 Nf6 3. e3 e6 4. Bd3 Be7 5. O-O O-O 6. Nbd2 b6 7. b3 Bb7 8. Bb2 Nbd7 9. Rc1 c5 10. Qe2 Rc8 11. Ne5 Qc7 12. f4 Bd6 13. Nxd7 Qxd7 14. dxc5 Be7 15. cxb6 axb6 16. Nf3 Ne4 17. Bxe4 dxe4 18. Ne5 Qc7 19. Rfd1 Rfd8 20. Nc4 Ba6 21. Rxd8+ Rxd8 22. Bd4 Bc5 23. c3 Bxd4 24. cxd4 b5 25. Qc2 bxc4 26. Qxe4 c3 27. Qc2 Rc8 28. Kf2 Bb7 29. g4 Qc6 30. e4 Qxe4 31. Qxe4 Bxe4 32. Ke3 f5 33. g5 Kf7 34. a4 Ke7 35. b4 Kd6 36. b5 c2 37. Kd2 Rc4 38. Ra1 Rxd4+ 0-1

[Event "XII. Karnevalsopen"]
[Site "Solingen"]
[Date "2023.02.18"]
[Round "3.8"]
[White "Flesch, Stefan"]
[Black "Atali, Dogukan"]
[Result "0-1"]
[WhiteElo "2049"]
[BlackElo "1829"]
[PlyCount "102"]
[EventDate "2023.??.??"]
[EventType "swiss"]
[EventRounds "5"]
[EventCountry "GER"]

1. d4 Nf6 2. c4 g6 3. Nc3 Bg7 4. e4 d6 5. h3 O-O 6. Bg5 c5 7. d5 e6 8. Bd3 exd5 9. exd5 Nbd7 10. Nf3 Re8+ 11. Be3 Nh5 12. O-O Ne5 13. Be2 Nxf3+ 14. Bxf3 Ng3 15. Re1 Nf5 16. Bd2 Rxe1+ 17. Bxe1 Nd4 18. Bg4 a6 19. Bxc8 Rxc8 20. Bd2 b5 21. cxb5 axb5 22. Rb1 b4 23. Ne4 Qe7 24. f3 Qe5 25. Qa4 Qxd5 26. Qd7 Qe6 27. Qxe6 Nxe6 28. Nxd6 Ra8 29. a3 Rd8 30. Ne4 f5 31. Ng5 Rxd2 32. Nxe6 Rxb2 33. Rxb2 Bxb2 34. axb4 cxb4 35. Kf1 Kf7 36. Nc5 Kf6 37. Ke2 Bd4 38. Nb3 Bb6 39. f4 Ke6 40. Kd3 Kd5 41. g4 Bc7 42. gxf5 gxf5 43. Nd4 Bxf4 44. Nxf5 Be5 45. Ne3+ Ke6 46. Kc4 Bd6 47. h4 h5 48. Kb3 Bc5 49. Ng2 Kf5 50. Kc4 Bf2 51. Kxb4 Kg4 0-1

[Event "XII. Karnevalsopen"]
[Site "Solingen"]
[Date "2023.02.18"]
[Round "3.10"]
[White "Speck, Stefan"]
[Black "Piekorz, Roland"]
[Result "1/2-1/2"]
[WhiteElo "1837"]
[BlackElo "1988"]
[PlyCount "38"]
[EventDate "2023.??.??"]
[EventType "swiss"]
[EventRounds "5"]
[EventCountry "GER"]

1. e4 g6 2. d4 Bg7 3. Nc3 d6 4. Be3 Nc6 5. h3 Nf6 6. Nf3 O-O 7. Qd2 e5 8. Be2 exd4 9. Nxd4 Nxd4 10. Bxd4 Re8 11. Bf3 Bd7 12. O-O Bc6 13. Rfe1 Nd7 14. Bxg7 Kxg7 15. g3 Qf6 16. Bg2 Ne5 17. Nd5 Bxd5 18. Qxd5 Nc6 19. c3 Qe6 1/2-1/2

[Event "XII. Karnevalsopen"]
[Site "Solingen"]
[Date "2023.02.18"]
[Round "3.11"]
[White "Linke, Marius"]
[Black "Pauls, Wilhelm"]
[Result "0-1"]
[WhiteElo "1796"]
[BlackElo "1978"]
[PlyCount "42"]
[EventDate "2023.??.??"]
[EventType "swiss"]
[EventRounds "5"]
[EventCountry "GER"]

1. d4 Nf6 2. Nf3 g6 3. c4 Bg7 4. Nc3 d6 5. e4 O-O 6. Be2 e5 7. O-O Nc6 8. d5 Ne7 9. b4 Nh5 10. Re1 h6 11. c5 f5 12. Bc4 Kh7 13. Bb2 Nf4 14. Rb1 g5 15. g3 Nh3+ 16. Kg2 Ng6 17. exf5 Bxf5 18. Bd3 Bxd3 19. Qxd3 g4 20. Nh4 Qxh4 21. gxh4 Nhf4+ 0-1

[Event "XII. Karnevalsopen"]
[Site "Solingen"]
[Date "2023.02.18"]
[Round "3.13"]
[White "Schuricht, Emil Frederick"]
[Black "Klemenz, Luca"]
[Result "1-0"]
[WhiteElo "1730"]
[BlackElo "1908"]
[PlyCount "115"]
[EventDate "2023.??.??"]
[EventType "swiss"]
[EventRounds "5"]
[EventCountry "GER"]

1. d4 Nf6 2. c4 c5 3. d5 e6 4. Nc3 exd5 5. cxd5 d6 6. e4 g6 7. Nf3 Bg7 8. Be2 a6 9. a4 Bg4 10. Nd2 Bxe2 11. Qxe2 O-O 12. O-O Re8 13. Nc4 Nxe4 14. Nxe4 f5 15. Ncxd6 Qxd6 16. Nxd6 Rxe2 17. Nxb7 Nd7 18. Be3 Rxb2 19. Nxc5 f4 20. Nxd7 fxe3 21. fxe3 Rd8 22. Nf6+ Bxf6 23. Rxf6 Rxd5 24. Rf2 Rdd2 25. Rxd2 Rxd2 26. Rc1 Ra2 27. Rc4 Kf7 28. h3 h5 29. Kh2 Ra3 30. Re4 Kf6 31. Kg3 Kf5 32. Kf3 Ra1 33. Rc4 Rf1+ 34. Kg3 Ra1 35. Rc5+ Ke4 36. Ra5 Kxe3 37. Rxa6 g5 38. Ra5 h4+ 39. Kg4 Kf2 40. Rxg5 Kxg2 41. Kxh4+ Kh2 42. Rg4 Ra3 43. Kg5 Kxh3 44. Kf5 Ra1 45. Rb4 Kg3 46. Ke5 Kf3 47. Kd5 Ke3 48. Kc5 Kd3 49. Rh4 Rg1 50. a5 Rg5+ 51. Kb4 Rg6 52. Rh5 Kd4 53. Kb5 Rg8 54. a6 Rf8 55. a7 Rg8 56. Rh7 Rg5+ 57. Kb6 Rg6+ 58. Kb7 1-0